Sequential analysis. (Record no. 543982)
[ view plain ]
| 000 -LEADER | |
|---|---|
| fixed length control field | 00637cam a2200181 4500 |
| 020 ## - INTERNATIONAL STANDARD BOOK NUMBER | |
| International Standard Book Number | 0486615790 |
| 082 00 - DEWEY DECIMAL CLASSIFICATION NUMBER | |
| Classification number | 519.54 |
| Author Mark | WAL |
| 100 1# - MAIN ENTRY--PERSONAL NAME | |
| Personal name | Wald, Abraham, |
| 9 (RLIN) | 39499 |
| 245 00 - TITLE STATEMENT | |
| Title | Sequential analysis. |
| 260 ## - PUBLICATION, DISTRIBUTION, ETC. | |
| Place of publication, distribution, etc. | New York, |
| Name of publisher, distributor, etc. | Dover Publications |
| Date of publication, distribution, etc. | [1973, c1947] |
| 300 ## - PHYSICAL DESCRIPTION | |
| Extent | xii, 212 p. |
| Other physical details | illus. |
| Dimensions | 22 cm. |
| 500 ## - GENERAL NOTE | |
| General note | Reprint of the ed. published by Wiley, New York, and issued in series: Wiley mathematical statistics series. |
| 526 ## - STUDY PROGRAM INFORMATION NOTE | |
| Program name | 0 |
| Interest level | 0 |
| Reading level | 0 |
| Title point value | 519_540000000000000_WAL |
| 650 #0 - SUBJECT ADDED ENTRY--TOPICAL TERM | |
| Topical term or geographic name entry element | MCE |
| 9 (RLIN) | 379 |
| 650 #0 - SUBJECT ADDED ENTRY--TOPICAL TERM | |
| Topical term or geographic name entry element | Sequential analysis. |
| 9 (RLIN) | 39500 |
| 856 42 - ELECTRONIC LOCATION AND ACCESS | |
| Uniform Resource Identifier | <a href="http://www.loc.gov/catdir/enhancements/fy1401/73085900-d.html">http://www.loc.gov/catdir/enhancements/fy1401/73085900-d.html</a> |
| 942 ## - ADDED ENTRY ELEMENTS (KOHA) | |
| Source of classification or shelving scheme | |
| Koha item type | Book |
| Withdrawn status | Lost status | Source of classification or shelving scheme | Damaged status | Not for loan | Permanent Location | Current Location | Date acquired | Total Checkouts | Full call number | Barcode | Date last seen | Price effective from | Koha item type |
|---|---|---|---|---|---|---|---|---|---|---|---|---|---|
| Military College of Engineering (MCE) | Military College of Engineering (MCE) | 04/09/2014 | 519.54 WAL | MCE-42705 | 04/09/2014 | 04/09/2014 | Book |
